000 00727cab a2200229 4500
001 WB3335-08
008 090401t1997 xxu||||| |||| 00| 0 eng d
035 _a(Sirsi) u80774
041 _aeng
245 _aAct early on asbestos
260 _c1997
350 _a0
490 _aYorkshire Post
_v`Business Week` 9 September 1997, B9(1)
520 _aCompanies may find it cheaper to get rid of asbestos as soon as possible, rather than wait for the new regulations to come in.
650 _aMANAGEMENT-HEALTH AND SAFETY-HAZARDOUS SUBSTANCES-ASBESTOS
650 _aCLEAN-UP COSTS
650 _aCOSTS
650 _aREGULATIONS
690 _aBUILT ENVIRONMENT-BUILDING MATERIALS
942 _n0
948 _c10/09/1997
999 _c50864
_d50864